000 00666nam a2200241Ia 4500
003 OSt
005 20220926040704.0
006 a|||||r|||| 00| 0
007 ta
008 220923b |||||||| |||| 00| 0 eng d
037 _cGeneral Book
040 _aRTL
_cRTL
_beng
041 _2eng
_aeng
082 _aX655.6.N6, K6
100 _aBlood Jerome W Ed.
_9242991
245 0 _aManagement looks at Africa
260 _c1966
300 _a160p
_ccm.
490 _aAmerican Management Association (New York)
650 _aAfrica Economic Conditions
_932254
942 _hX655.6.N6, K6
_cGB
_2CC
999 _c665370
_d665370